Statistics for Top 10 Most Influential Countries

Click here to take the quiz!

General Stats

  • This quiz has been taken 169 times
  • The average score is 9 of 10

Answer Stats

Rank Country % Correct
1United States
100%
3China
99%
4United Kingdom
99%
6France
99%
2Russia
97%
5Germany
95%
7Japan
94%
8Italy
90%
9Israel
54%
10United Arab Emirates
35%

Score Distribution

Percentile by Number Answered

Percent of People with Each Score

Your Score History

You have not taken this quiz